01478nam a2200361 a 4500001001200000003000800012006001900020007001500039008004100054020001800095020002700113040002100140035002100161043001200182050002400194245016300218250001200381260004000393300002500433490003700458500002000495505005600515533015200571650003800723651003800761651004300799651004000842655002900882700002300911710001700934830003900951856012600990ebr10444484CaPaEBRm u cr cn|||||||||110309s2011 mdua ss 001 0 eng d z9781598884234 z9781598884241 (e-book) aCaPaEBRcCaPaEBR a(OCoLC)702117477 an-us---14aHB1335b.V58 2011eb00aVital statistics of the United Statesh[electronic resource] :bbirths, life expectancy, deaths, and selected health data. 2010 /cedited by Mary Meghan Ryan. a4th ed. aLanham, Md. :bBernan Press,c2011. axvii, 485 p. :bill.1 aU.S. databook series,x1549-8603 aIncludes index.0 apt. A. Births -- pt. B. Mortality -- pt. C. Health. aElectronic reproduction.bPalo Alto, Calif. :cebrary,d2011.nAvailable via World Wide Web.nAccess may be limited to ebrary affiliated libraries. 0aMortalityzUnited StatesvTables. 0aUnited StatesvStatistics, Vital. 0aUnited StatesxPopulationvStatistics. 0aUnited StatesvStatistics, Medical. 7aElectronic books.2local1 aRyan, Mary Meghan.2 aebrary, Inc. 0aBernan Press U.S. databook series.40uhttp://site.ebrary.com/lib/rucke/Doc?id=10444484zAn electronic book accessible through the World Wide Web; click to view